| 000 | 00664nmm a2200241 a 4500 | ||
|---|---|---|---|
| 003 | AR-BaBNM | ||
| 005 | 20251128203403.0 | ||
| 008 | 107019s1949 ||||||||||||||000 | spa|| | ||
| 040 | _cAR-BaBNM | ||
| 100 | 1 | _aCarles, Rubén Darío | |
| 245 | 1 | 0 | _a220 años del período colonial en Panamá |
| 246 | 1 | _aDoscientos veinte años del período colonial en Panamá | |
| 260 |
_aPanamá _bThe Star & Herald _c1949 |
||
| 300 | 0 |
_a165 p. _bil.,láms., mapas |
|
| 650 | 4 | _aHISTORIA ECONOMICA | |
| 650 | 4 | _aHISTORIA POLITICA | |
| 650 | 4 | _aAUDIENCIAS | |
| 650 | 4 | _aPERIODO HISPANICO | |
| 650 | 4 | _aCOMERCIO | |
| 651 | 4 | _aPanamá | |
| 942 | _cBK | ||
| 998 | _cmariana | ||
| 999 |
_c3156 _d3156 |
||